Physical Pharmaceutical-1 (Record no. 8864)

MARC details
000 -LEADER
fixed length control field 00393nam a22001697a 4500
003 - CONTROL NUMBER IDENTIFIER
control field OSt
008 - FIXED-LENGTH DATA ELEMENTS--GENERAL INFORMATION
fixed length control field 200713b ||||| |||| 00| 0 eng d
082 ## - DEWEY DECIMAL CLASSIFICATION NUMBER
Classification number 615.19 VEP
100 ## - MAIN ENTRY--PERSONAL NAME
Personal name Verma,Shubham
245 ## - TITLE STATEMENT
Title Physical Pharmaceutical-1
250 ## - EDITION STATEMENT
Edition statement 2019
260 ## - PUBLICATION, DISTRIBUTION, ETC. (IMPRINT)
Place of publication, distribution, etc Agra
Name of publisher, distributor, etc R Narain
Date of publication, distribution, etc 2019
300 ## - PHYSICAL DESCRIPTION
Extent 168
650 ## - SUBJECT ADDED ENTRY--TOPICAL TERM
Topical term or geographic name as entry element Physical Pharmaceutical-1
700 ## - ADDED ENTRY--PERSONAL NAME
Personal name PRIYA,Bhanu
942 ## - ADDED ENTRY ELEMENTS (KOHA)
Source of classification or shelving scheme Dewey Decimal Classification
Koha item type Text Books
Holdings
Withdrawn status Lost status Source of classification or shelving scheme Damaged status Not for loan Collection code Home library Current library Date acquired Source of acquisition Currency Cost, normal purchase price Bill Number Total Checkouts Full call number Acc. no. / Barcode Date last seen Date last borrowed Actual Cost, discounted price Bill Date Koha item type
    Dewey Decimal Classification     B.Pharma PIET C-LIBRARY PIET C-LIBRARY 11/02/2020 Kirti Prakashan Indian Rup 160.00 IN6378 1 615.19 VEP BP1315 07/07/2022 27/12/2021 116.00 11/02/2020 Reference Books
    Dewey Decimal Classification     B.Pharma PIET C-LIBRARY PIET C-LIBRARY 11/02/2020 Kirti Prakashan Indian Rup 160.00 IN6378 3 615.19 VEP BP1316 31/01/2023 30/01/2023 116.00 11/02/2020 Text Books

Design & Developed by: PIET Central Library
R70 Miles Stone Pattikalyana Samalkha Panipat 132102
mail ID :- [email protected], Phone No:- 0180-2569700 Ex.216